Statistiken für Film Charaktere erraten mit Bildern Teil 2

Klicken Sie hier um das Quiz zu spielen!

Allgemein

  • Dieses Quiz wurde 353 mal gespielt
  • Das Durchschnittsergebnis liegt bei 7 aus 16

Antwortstatistiken

Antwort% Korrekt
Ted
88%
Terminator
84%
Mary Poppins
77%
Rambo
76%
Freddy Krueger
72%
Neo
65%
Richie Rich
49%
Frances Houseman
40%
Abu
31%
Die Grinsekatze
24%
Mr. Fantastic
22%
Norman Bates
16%
Splinter
14%
Cindy Campbell
8%
Clark Griswold
8%
Rosemary
7%

Verteilung der Resultate

Perzentil nach korrekt beantworteten Fragen

Anzahl Personen mit jedem Resultat

Ihre Resultats-Entwicklung

Sie haben dieses Quiz noch nicht gespielt